Heme oxygenase : the elegant orchestration of its products in medicine /

Bibliographic Details
Other Authors: Otterbein, Leo E., Zuckerbraun, Brian S.
Format: Book
Language:English
Published: New York : Nova Biomedical Books, [2005]
Subjects:
Online Access:Table of contents

MARC

Tag First Indicator Second Indicator Subfields
LEADER 00000pam a22000004a 4500
001 in00002104635
005 20151103051824.0
008 050412s2005 nyua b 001 0 eng
010 |a  2005010424 
016 7 |a 101261302  |2 DNLM 
020 |a 1594544476 
029 1 |a NLM  |b 101261302 
035 |a (OCoLC)ocm59011561 
040 |a DLC  |c DLC  |d YDX  |d BAKER  |d NLM  |d TXA  |d UtOrBLW 
042 |a pcc 
049 |a TXAM 
050 0 0 |a QP603.H45  |b H46 2005 
060 0 0 |a 2005 N-037 
060 1 0 |a QU 140  |b H4885 2005 
245 0 0 |a Heme oxygenase :  |b the elegant orchestration of its products in medicine /  |c Leo E. Otterbein, Brian S. Zuckerbraun, editors. 
264 1 |a New York :  |b Nova Biomedical Books,  |c [2005] 
264 4 |c ©2005 
300 |a xiii, 417 pages :  |b illustrations (some color) ;  |c 27 cm. 
336 |a text  |b txt  |2 rdacontent 
337 |a unmediated  |b n  |2 rdamedia 
338 |a volume  |b nc  |2 rdacarrier 
504 |a Includes bibliographical references and index. 
650 0 |a Heme oxygenase. 
650 1 2 |a Heme Oxygenase (Decyclizing)  |x physiology. 
700 1 |a Otterbein, Leo E. 
700 1 |a Zuckerbraun, Brian S. 
856 4 1 |3 Table of contents  |u http://www.loc.gov/catdir/toc/ecip0511/2005010424.html  |t 0 
994 |a C0  |b TXA 
948 |a cataloged  |b h  |c 2006/3/6  |d c  |e aklinger  |f 11:29:33 am 
999 |a MARS 
999 f f |s 6cdb1c28-883c-3e79-af3d-510a1e06bd22  |i 74572fa5-327b-3153-9b43-a70b9bf92f04  |t 0 
952 f f |p normal  |a Texas A&M University  |b College Station  |c Sterling C. Evans Library  |d Evans: Library Stacks  |t 0  |e QP603.H45 H46 2005  |h Library of Congress classification  |i unmediated -- volume  |m A14832769718 
998 f f |a QP603.H45 H46 2005  |t 0  |l Evans: Library Stacks